000 00663nam a2200253Ia 4500
005 20260121155504.0
008 008 260114s9999 xx 000 0 eng d
020 _a9780429319884
037 _aEBOOK
040 _aCRL
040 _beng
040 _cCRL
041 _2eng
041 _aeng
084 _qCRL
100 _a Jack B. ReVelle; Susan Stuffle; Harry Jackson
_91020122
245 4 _aThe Strategic Planning and Deployment Excellence System (SPADES)
260 _bTaylor and Francis
260 _c2020
856 _uhttp://www.taylorfrancis.com/books/9780429319884
942 _cEBOOK
999 _c1586941
_d1586941